Регионална библиотека "Любен Каравелов" - Русе

Голямото плаване или Астерикс и индианците (Запис номер 208245)

MARC детайли
000 -Лидер
Контролно поле с фиксирана дължина nkm a22 a 4500
003 - Код на организацията, давaща контролен номер
Контролно поле BLK
005 - Дата и час на последна редакция
Контролно поле 20210810171055.0
008 - Елементи от данни с фиксирана дължина
fixed length control field 180412b bul rap|r|||| r0| ||bulo|
010 ## - Наследен системен номер
LC control number KNG00010743000
020 ## - Международен стандартен номер на книга ISBN
Международен стандартен номер на книга ISBN 954-446-109-4
040 ## - Източник на каталожния запис
Идентификатор на билиотеката - собственик на записа BLK
041 ## - Код за език
Код за езика на текст/звукозапис или на отделно заглавие Български
Код за езика КДБФ Български
080 ## - УДК
Текстов определител УДК Френска литература
УДК код - определител по УДК 821.133.1
УДК определител -93-32
УДК - код + определител 821.133.1-93-32
080 ## - УДК
Текстов определител УДК Френска литература
УДК код - определител по УДК 821.133.1
УДК определител (084)
УДК - код + определител 821.133.1(084)
080 ## - УДК
Текстов определител УДК Карикатура. Комикс
УДК код - определител по УДК 741.5
УДК - код + определител 741.5
139 ## - Редно поле
Редна дума Юдерзо
Авторски знак Юд - Ю 14
245 10 - Сведения за заглавието
Заглавие Голямото плаване или Астерикс и индианците
Подзаглавни данни Разказ в карт.
Редно поле (дума) рис. Юдерзо; текст Рьоне Госини; прев. от фр. Венелин Йовков Пройков.
257 ## - Страна на издаване
Страна на създаване/издаване Франция
260 ## - Област на издателските данни
Име на издателя, разпространителя и проч. Егмонт България
Година на издаване 1995
Място на издаване, разпространение и проч. София
300 ## - Физическа характеристика
Страници 48 с.
Илюстрации и др. с цв. ил.
Размери/Мащаб 30 см
380 ## - Жанр
Жанр Детска худож. лит.
490 ## - СЕРИИ (Колекции)
Име на серия Приключенията на Астерикс
№: серия № 6
9 (RLIN) 207076
500 ## - Общи забележки
Забележка Без сведение за ориг. загл. - 5 000 тир.
653 ## - Ключова дума – ненормативна
Ключова дума комикси
653 ## - Ключова дума – ненормативна
Ключова дума детска литература
700 1# - Други автори (авторска отговорност)
Лично име Юдерзо
Автороска отговорност (Описва отношението между автора и произведението) рис.
9 (RLIN) 144879
700 1# - Други автори (авторска отговорност)
Лично име Госини, Рьоне
Автороска отговорност (Описва отношението между автора и произведението) текст
9 (RLIN) 55312
700 1# - Други автори (авторска отговорност)
Лично име Пройков, Венелин Йовков
Автороска отговорност (Описва отношението между автора и произведението) прев. от фр.
9 (RLIN) 379987
852 ## - Местоположение
Форматна сигнатура Цб ІІ 326948
856 4# - Електронен адрес и достъп
Електронен формат pdf - файл
Път до файла /url/
856 4# - Електронен адрес и достъп
Електронен формат pdf - файл
Път до файла /url/
999 ## - СИСТЕМНИ КОНТРОЛНИ НОМЕРА
Koha biblionumber 208245
Koha biblioitemnumber 208245
942 ## - АРТИКУЛИ
Вид на библиотечния материал Графични издания
Скрит в OPAC Не
Koha issues (borrowed), all copies 9
Периодичен библиозапис Да
944 ## - СЪЗДАВАНЕ И РЕДАКЦИЯ на ЗАПИСА
Създаване/Редакция Създаване
Дата на регистрацията/редакция 15.01.2003
Служител, извършил регистрацията/редакцията AB_DOS
944 ## - СЪЗДАВАНЕ И РЕДАКЦИЯ на ЗАПИСА
Създаване/Редакция Редакция
Дата на регистрацията/редакция 07.10.2015
Служител, извършил регистрацията/редакцията Геновева_Генчева
999 ## - СИСТЕМНИ КОНТРОЛНИ НОМЕРА
Koha biblioitemnumber 208245
Наличности
Код за отписване Код за изгубен артикул Източник на класификационната схема Код за повреда Коз за рестрикции Код за отдаване Артикулен № Име на библиотеката - собственик Име на библиотеката, в която се намира в момента Статус (Текущо местоположение) Дата на вписване в системата Местоположение - отдел Цена в лева Инвентарен номер Систематично азбучна сигнатура Баркод Номер на екземпляра Цена в евро Служебна бележка Служебен тип на артикула
  Не е изгубен Universal Decimal Classification Не е повреден само за читалня ползва се в читалня 359305 Регионална библиотека "Любен Каравелов" Русе Регионална библиотека "Любен Каравелов" Русе Хранилище 2001-01-01 Хранилище 0.77 619906 Цб II 26948 120000619906 1 0.39 Дост: Dp Вид: Д N: стар фонд Дата: 01.01.1995 Графични издания
Изтеглен Не е изгубен Universal Decimal Classification Не е повреден без рестрикции заемане за дома 359306 Регионална библиотека "Любен Каравелов" Русе Регионална библиотека "Любен Каравелов" Русе Детски отдел 1998-01-01 Детски отдел 1.90 637602 Д 820/899/Ю 14 637602 2 0.97 Дост: Pk Вид: Ф N: стар фонд Дата: 01.01.1998 Дата инв: 07.10.2015 Бележки инв: Д2015 Графични издания
Vip Innovations Ltd, Rousse, Bulgaria 2025